Cities With Most Busy Airports By Their Codes - Statistics

General Stats
  • This quiz has been taken 50 times
  • The average score is 16 of 20
Answer Stats
Hint Answer % Correct
ATL Atlanta
98%
LAX Los Angeles
98%
AMS Amsterdam
95%
HKG Hong Kong
95%
LHR London
95%
CDG Paris
95%
IST Istanbul
93%
PEK Beijing
90%
SIN Singapore
90%
DXB Dubai
88%
FRA Frankfurt
85%
HND Tokyo
85%
DEL Delhi
83%
DFW Dallas
80%
ORD Chicago
78%
PVG Shanghai
76%
DEN Denver
71%
CAN Guangzhou
56%
ICN Incheon
44%
CGK Jakarta
41%
No matching quizzes found
Score Distribution
Percent of People with Each Score
Percentile by Number Answered
Your Score History
You have not taken this quiz